Langenscheidts Taschenwörterbuch der lateinischen und deutschen Sprache. Tl. 2, Deutsch-Lateinisch /

Main Author: Menge, Hermann, 1841-1939
Language: German
Published: Berlin : Langenscheidt, [1935]
Edition: 18. Aufl.
Series: Langenscheidts Taschenwörterbücher für Reise, Lektüre, Konversation und den Schulgebrauch
Physical Description: 548, 8 s.
Book
Saved in:
LEADER 00924nam a22002412a 4500
001 001090374
003 CZ BrMZK
005 20100316115555.0
007 ta
008 100316s1935 gw er|||||||||||ger d
040 |a BOA001  |b cze 
100 1 |a Menge, Hermann,  |d 1841-1939  |7 mzk2009496048  |4 aut 
245 1 0 |a Langenscheidts Taschenwörterbuch der lateinischen und deutschen Sprache.  |n Tl. 2,  |p Deutsch-Lateinisch /  |c von Hermann Menge 
250 |a 18. Aufl. 
260 |a Berlin :  |b Langenscheidt,  |c [1935] 
300 |a 548, 8 s. 
490 1 |a Langenscheidts Taschenwörterbücher für Reise, Lektüre, Konversation und den Schulgebrauch 
830 0 |a Langenscheidts Taschenwörterbücher für Reise, Lektüre, Konversation und den Schulgebrauch 
910 |a BOA001  |b 1-0308.945,2 
990 |a BK 
993 |a Y 
991 |b 201003 
996 7 |b 2619264130  |c 1-0308.945,2  |l MZK  |r Sklad / do 1 hodiny  |n 0  |w 001115065  |u 000010  |a 1  |e BOA001  |j MZK50  |s A